[Event "EU-ch Schools U15"]
[Site "Tornelo INT"]
[Date "2021.12.10"]
[Round "2"]
[White "Khripachenko, Alexander"]
[Black "Sinitsyn, Anton"]
[Result "1-0"]
[WhiteElo "2288"]
[BlackElo "1839"]
[PlyCount "39"]
[EventDate "2021.12.03"]
[EventType "swiss (rapid)"]
[EventRounds "7"]
[EventCountry "NET"]
[SourceTitle "EXT 2023"]
[Source "ChessBase"]
[SourceDate "2022.10.05"]
[SourceVersion "1"]
[SourceVersionDate "2022.10.05"]
[SourceQuality "1"]

1. e4 e5 2. Nf3 Nc6 3. Bb5 a6 4. Ba4 Nf6 5. 0-0 b5 6. Bb3 Bc5 7. Re1 0-0 8. h3 h6 9. c3 d6 10. d3 Bb7 11. Nbd2 Re8 12. Nf1 Qd7 13. Ng3 d5 14. Qe2 Rab8 15. Nh4 Bb6 16. Qf3 dxe4 17. dxe4 Nh7 18. Nhf5 Ne7 19. Qg4 Nxf5 20. Nxf5 1-0

[Event "EU-ch Schools U15"]
[Site "Tornelo INT"]
[Date "2021.12.10"]
[Round "2"]
[White "Talibov, Shiroghlan"]
[Black "Sinitsyn, Anton"]
[Result "1-0"]
[WhiteElo "2335"]
[BlackElo "1839"]
[PlyCount "89"]
[EventDate "2021.12.03"]
[EventType "swiss (rapid)"]
[EventRounds "7"]
[EventCountry "NET"]
[SourceTitle "EXT 2023"]
[Source "ChessBase"]
[SourceDate "2022.10.05"]
[SourceVersion "1"]
[SourceVersionDate "2022.10.05"]
[SourceQuality "1"]

1. c4 c6 2. Nc3 d5 3. d4 Nf6 4. Nf3 e6 5. e3 Nbd7 6. Qc2 Be7 7. Bd3 0-0 8. 0-0 b6 9. e4 dxe4 10. Nxe4 Bb7 11. Rd1 Qc8 12. Bg5 h6 13. Bf4 c5 14. Rac1 Nxe4 15. Bxe4 Bxe4 16. Qxe4 Nf6 17. Qe2 cxd4 18. Nxd4 Bc5 19. Nb5 a6 20. Nd6 Qc6 21. Be5 Rfd8 22. Bxf6 Rxd6 23. Qg4 Rxd1+ 24. Rxd1 Bf8 25. Rd3 Kh7 26. Rg3 g6 27. h4 Bg7 28. Bxg7 Kxg7 29. Qd4+ Kh7 30. h5 g5 31. Rf3 Ra7 32. Rd3 Rc7 33. b3 b5 34. Qf6 Rd7 35. Rd4 bxc4 36. bxc4 Rxd4 37. Qxf7+ Kh8 38. Qf6+ Kg8 39. Qg6+ Kf8 40. Qxh6+ Ke8 41. Qh8+ Ke7 42. Qg7+ Ke8 43. Qxd4 Kf7 44. h6 Qb7 45. Qg7+ 1-0

[Event "EU-ch Schools U15"]
[Site "Tornelo INT"]
[Date "2021.12.05"]
[Round "7"]
[White "Sinitsyn, Anton"]
[Black "Yavuz, Efe Metehan"]
[Result "1/2-1/2"]
[WhiteElo "1839"]
[BlackElo "2025"]
[PlyCount "45"]
[EventDate "2021.12.03"]
[EventType "swiss (rapid)"]
[EventRounds "7"]
[EventCountry "NET"]
[SourceTitle "EXT 2023"]
[Source "ChessBase"]
[SourceDate "2022.10.05"]
[SourceVersion "1"]
[SourceVersionDate "2022.10.05"]
[SourceQuality "1"]

1. c4 e5 2. Nc3 Nc6 3. g3 g6 4. Bg2 d6 5. e3 Be6 6. Nd5 Bg7 7. Ne2 Qd7 8. h4 Nge7 9. b3 e4 10. Ndc3 f5 11. d4 Bf7 12. Ba3 a5 13. Qd2 0-0 14. 0-0 h6 15. f3 exf3 16. Bxf3 Rae8 17. Rae1 Kh7 18. e4 h5 19. Bc1 Bg8 20. Bg2 Nd8 21. exf5 Nxf5 22. Ne4 Ne6 23. d5 1/2-1/2

[Event "Nordic-ch U18"]
[Site "Torshavn"]
[Date "2021.09.12"]
[Round "5"]
[White "Sinitsyn, Anton"]
[Black "Jacobsen, Markus"]
[Result "1-0"]
[WhiteElo "1885"]
[BlackElo "1192"]
[PlyCount "95"]
[EventDate "2021.09.10"]
[EventType "swiss"]
[EventRounds "6"]
[EventCountry "FAI"]
[SourceTitle "EXT 2023"]
[Source "ChessBase"]
[SourceDate "2022.10.05"]
[SourceVersion "1"]
[SourceVersionDate "2022.10.05"]
[SourceQuality "1"]

1. c4 g6 2. Nc3 Bg7 3. g3 Nf6 4. Bg2 e6 5. e4 0-0 6. Nge2 c6 7. d4 b6 8. 0-0 Bb7 9. Bg5 h6 10. Be3 Ng4 11. Bd2 f5 12. e5 h5 13. h3 Nh6 14. h4 Kh7 15. Bg5 Qc7 16. Be7 Re8 17. Bd6 Qd8 18. f4 Bf8 19. c5 Ng4 20. Qd2 Na6 21. Na4 b5 22. Nac3 Nb4 23. Nc1 a5 24. a3 Nd5 25. Nxd5 exd5 26. Bf3 a4 27. Bxg4 hxg4 28. Nd3 Re6 29. Kg2 Bh6 30. Rh1 Kg7 31. Nb4 Bc8 32. Qd3 Rxd6 33. exd6 Qf6 34. Rae1 Kg8 35. Re8+ Bf8 36. Rhe1 Bb7 37. Rxa8 Bxa8 38. Re8 Bb7 39. Rb8 Kf7 40. Rxb7 Qe6 41. Nc2 Ke8 42. Qe3 Qe4+ 43. Qxe4+ dxe4 44. Kf2 Bg7 45. Ke3 Bf6 46. Nb4 Bg7 47. Nxc6 Bf6 48. Ne5 1-0

[Event "Nordic-ch U18"]
[Site "Torshavn"]
[Date "2021.09.10"]
[Round "2"]
[White "Muntean, Victor"]
[Black "Sinitsyn, Anton"]
[Result "1-0"]
[WhiteElo "1900"]
[BlackElo "1885"]
[PlyCount "75"]
[EventDate "2021.09.10"]
[EventType "swiss"]
[EventRounds "6"]
[EventCountry "FAI"]
[SourceTitle "EXT 2023"]
[Source "ChessBase"]
[SourceDate "2022.10.05"]
[SourceVersion "1"]
[SourceVersionDate "2022.10.05"]
[SourceQuality "1"]

1. e4 e5 2. Nf3 Nc6 3. Bc4 Bc5 4. c3 Nf6 5. d3 d6 6. 0-0 Bg4 7. h3 Bh5 8. Re1 0-0 9. a4 a5 10. Nbd2 Bg6 11. Nf1 Ne7 12. Bg5 Qd7 13. Bxf6 gxf6 14. d4 exd4 15. cxd4 Bb4 16. Re3 d5 17. Bd3 Rad8 18. e5 fxe5 19. dxe5 f6 20. exf6 Rxf6 21. Ne5 Qd6 22. Qg4 Nf5 23. Bxf5 Rxf5 24. Nd3 Rdf8 25. Ng3 R5f7 26. Re6 Qd8 27. Ne5 Rf4 28. Rxg6+ hxg6 29. Qxg6+ Kh8 30. Nh5 Qe7 31. Nxf4 Qxe5 32. Qh6+ Kg8 33. Ng6 Qf6 34. Rd1 Bd6 35. Rd2 Re8 36. f4 Re6 37. Rxd5 Qxg6 38. Rg5 1-0

[Event "Nordic-ch U18"]
[Site "Torshavn"]
[Date "2021.09.10"]
[Round "1"]
[White "Sinitsyn, Anton"]
[Black "Liu, Casper Yukun"]
[Result "0-1"]
[WhiteElo "1885"]
[BlackElo "2177"]
[PlyCount "66"]
[EventDate "2021.09.10"]
[EventType "swiss"]
[EventRounds "6"]
[EventCountry "FAI"]
[SourceTitle "EXT 2023"]
[Source "ChessBase"]
[SourceDate "2022.10.05"]
[SourceVersion "1"]
[SourceVersionDate "2022.10.05"]
[SourceQuality "1"]

1. c4 Nf6 2. Nc3 c6 3. d4 d5 4. cxd5 cxd5 5. Nf3 Nc6 6. Bf4 g6 7. Qd2 Bf5 8. e3 Bg7 9. Bd3 Bxd3 10. Qxd3 Nh5 11. 0-0 Nxf4 12. exf4 e6 13. Rfd1 0-0 14. b3 Rc8 15. Rac1 a6 16. Na4 Qd6 17. g3 Rc7 18. Qd2 b5 19. Nc3 Rfc8 20. Ne5 Nxe5 21. fxe5 Qb4 22. a3 Qxb3 23. Nb1 Rc2 24. Qf4 a5 25. Rxc2 Rxc2 26. Rc1 a4 27. Rxc2 Qxc2 28. Nd2 b4 29. axb4 a3 30. Qe3 a2 31. Nb3 Bh6 32. f4 Qxb3 33. Qxb3 a1Q+ 0-1

[Event "Helsinki HSK Autumn"]
[Site "Helsinki"]
[Date "2019.09.01"]
[Round "5"]
[White "Penttila, Tero"]
[Black "Sinitsyn, Anton"]
[Result "0-1"]
[WhiteElo "2029"]
[BlackElo "1910"]
[PlyCount "70"]
[EventDate "2019.08.30"]
[EventType "swiss"]
[EventRounds "5"]
[EventCountry "FIN"]
[SourceTitle "EXT 2021"]
[Source "ChessBase"]
[SourceDate "2020.10.23"]
[SourceVersion "1"]
[SourceVersionDate "2020.10.23"]
[SourceQuality "1"]

1. e4 e5 2. Nf3 Nc6 3. d4 exd4 4. Bb5 a6 5. Ba4 Bb4+ 6. c3 dxc3 7. bxc3 Be7 8. 0-0 d6 9. Nd4 Bd7 10. f4 Nf6 11. Nxc6 Bxc6 12. Bxc6+ bxc6 13. Qf3 Qd7 14. Nd2 0-0 15. Nb3 Rfe8 16. e5 Nd5 17. Bb2 Rab8 18. Rad1 Bf8 19. c4 Nb6 20. Na5 d5 21. f5 Qe7 22. Bd4 c5 23. Nc6 Qd7 24. Nxb8 Rxb8 25. Bf2 d4 26. Rb1 Re8 27. Bg3 Nxc4 28. Qe2 d3 29. Qf2 Nxe5 30. f6 g6 31. Qd2 c4 32. Rbc1 Ng4 33. Rxc4 Re2 34. Qa5 d2 35. Rxc7 d1Q 0-1

[Event "FIN-ch rapid"]
[Site "Helsinki"]
[Date "2019.08.24"]
[Round "7"]
[White "Sinitsyn, Anton"]
[Black "Kekki, Jorma J"]
[Result "1-0"]
[WhiteElo "1847"]
[BlackElo "1971"]
[PlyCount "93"]
[EventDate "2019.08.24"]
[EventType "swiss (rapid)"]
[EventRounds "9"]
[EventCountry "FIN"]
[SourceTitle "EXT 2020"]
[Source "ChessBase"]
[SourceDate "2019.10.17"]
[SourceVersion "1"]
[SourceVersionDate "2019.10.17"]
[SourceQuality "1"]

1. c4 e6 2. Nc3 d5 3. d4 Be7 4. Nf3 Nf6 5. cxd5 exd5 6. Bf4 0-0 7. h3 c5 8. e3 Nc6 9. Rc1 c4 10. b3 cxb3 11. Qxb3 Bb4 12. Nd2 Qa5 13. Bd3 Be6 14. 0-0 a6 15. Nf3 Rac8 16. Rc2 Ne4 17. Nb1 b5 18. Rfc1 Na7 19. Bc7 Qa4 20. Qxa4 bxa4 21. Bxa6 Rce8 22. Ne5 f6 23. Nd3 Be7 24. Nc3 a3 25. Nxe4 dxe4 26. Nc5 Bd5 27. Bc4 Bxc4 28. Rxc4 f5 29. d5 Nb5 30. Nd7 Rf7 31. Ne5 Rf6 32. Nd7 Ra6 33. Rc6 Rxc6 34. Rxc6 Rc8 35. Be5 Ra8 36. d6 Bd8 37. Nc5 Kf7 38. d7 Ke7 39. Bxg7 Na7 40. Ra6 Bc7 41. Bf6+ Kf7 42. d8Q Bxd8 43. Bxd8 Rxd8 44. Rxa7+ Kg6 45. Rxa3 Rd1+ 46. Kh2 Rd2 47. Kg3 1-0

[Event "FIN-ch rapid"]
[Site "Helsinki"]
[Date "2019.08.24"]
[Round "4"]
[White "Sinitsyn, Anton"]
[Black "Kopsa, Petri"]
[Result "1/2-1/2"]
[WhiteElo "1847"]
[BlackElo "2059"]
[PlyCount "77"]
[EventDate "2019.08.24"]
[EventType "swiss (rapid)"]
[EventRounds "9"]
[EventCountry "FIN"]
[SourceTitle "EXT 2020"]
[Source "ChessBase"]
[SourceDate "2019.10.17"]
[SourceVersion "1"]
[SourceVersionDate "2019.10.17"]
[SourceQuality "1"]

1. c4 e5 2. Nc3 Nc6 3. g3 f5 4. Bg2 Nf6 5. e3 d6 6. Nge2 Be7 7. 0-0 0-0 8. b3 Qe8 9. Bb2 Qh5 10. d3 Kh8 11. Rc1 f4 12. exf4 Bh3 13. fxe5 dxe5 14. Nf4 exf4 15. Qxh5 Nxh5 16. Bxh3 Nd4 17. Bg4 Nf6 18. Nd5 Nxg4 19. Bxd4 Bg5 20. Nxc7 fxg3 21. fxg3 Bxc1 22. Nxa8 Rd8 23. Rxc1 Rxd4 24. Re1 h5 25. Rd1 Rd7 26. d4 Nf6 27. Re1 Rxd4 28. Re7 Rd2 29. a4 Ng4 30. h3 Nf2 31. Rxb7 Nxh3+ 32. Kh1 Ng5 33. Kg1 Nf3+ 34. Kf1 Nh2+ 35. Ke1 Nf3+ 36. Kf1 Nh2+ 37. Ke1 Nf3+ 38. Kf1 Nh2+ 39. Ke1 1/2-1/2

[Event "FIN-ch rapid"]
[Site "Helsinki"]
[Date "2019.08.24"]
[Round "9"]
[White "Sinitsyn, Anton"]
[Black "Virtanen, Esko"]
[Result "1-0"]
[WhiteElo "1847"]
[BlackElo "1771"]
[PlyCount "107"]
[EventDate "2019.08.24"]
[EventType "swiss (rapid)"]
[EventRounds "9"]
[EventCountry "FIN"]
[SourceTitle "EXT 2020"]
[Source "ChessBase"]
[SourceDate "2019.10.17"]
[SourceVersion "1"]
[SourceVersionDate "2019.10.17"]
[SourceQuality "1"]

1. c4 c6 2. Nc3 d5 3. d4 Nf6 4. cxd5 Nxd5 5. Nf3 Bg4 6. e3 e6 7. Be2 Be7 8. 0-0 0-0 9. a3 Nd7 10. h3 Bh5 11. Qc2 Bg6 12. Bd3 Bxd3 13. Qxd3 c5 14. Nxd5 exd5 15. dxc5 Nxc5 16. Qd1 Rc8 17. b4 Ne4 18. Bb2 Bf6 19. Bxf6 Nxf6 20. Qd4 Rc4 21. Qxa7 Qc7 22. Nd4 h6 23. b5 Ne4 24. b6 Qd7 25. a4 Rfc8 26. a5 Nc5 27. a6 bxa6 28. Rxa6 Qxa7 29. Rxa7 Rb4 30. Nf5 Re8 31. Nd6 Rb8 32. Nxf7 R8xb6 33. Rc1 Nb7 34. Ne5 d4 35. exd4 Rxd4 36. Rc8+ Kh7 37. Rc7 Rdb4 38. Nc6 Rb1+ 39. Kh2 R1b2 40. Na5 Nxa5 41. Rxg7+ Kh8 42. Rh7+ Kg8 43. Rhg7+ Kf8 44. Rgf7+ Ke8 45. Rae7+ Kd8 46. Rd7+ Kc8 47. Rc7+ Kb8 48. Rce7 Ka8 49. Ra7+ Kb8 50. Rxa5 Rb7 51. Rxb7+ Kxb7 52. Rf5 Rb6 53. Rf7+ Kc8 54. f4 1-0

[Event "FIN-ch rapid"]
[Site "Helsinki"]
[Date "2019.08.24"]
[Round "3"]
[White "Stahle, Sten"]
[Black "Sinitsyn, Anton"]
[Result "0-1"]
[WhiteElo "1563"]
[BlackElo "1847"]
[PlyCount "70"]
[EventDate "2019.08.24"]
[EventType "swiss (rapid)"]
[EventRounds "9"]
[EventCountry "FIN"]
[SourceTitle "EXT 2020"]
[Source "ChessBase"]
[SourceDate "2019.10.17"]
[SourceVersion "1"]
[SourceVersionDate "2019.10.17"]
[SourceQuality "1"]

1. e4 e5 2. Nf3 Nc6 3. d4 exd4 4. Bc4 Bc5 5. c3 Nf6 6. e5 d5 7. Bb5 Ne4 8. 0-0 dxc3 9. bxc3 0-0 10. Bf4 Bg4 11. h3 Bh5 12. g4 Bg6 13. Nbd2 Nxc3 14. Bg5 Qxg5 15. Nxg5 Nxd1 16. Raxd1 Nxe5 17. Nb3 Be7 18. f4 Bxg5 19. fxe5 c6 20. Bd3 Bxd3 21. Rxd3 Rfe8 22. Rf5 Bd8 23. Kg2 Bb6 24. Rdf3 Re7 25. g5 Rae8 26. h4 c5 27. h5 c4 28. Nc1 d4 29. Ne2 Rxe5 30. g6 Rxe2+ 31. Kh3 hxg6 32. Rxf7 R2e3 33. hxg6 Rxf3+ 34. Rxf3 d3 35. Rf1 c3 0-1

[Event "FIN-ch U14"]
[Site "Turku"]
[Date "2019.06.09"]
[Round "7"]
[White "Sinitsyn, Anton"]
[Black "Polkki, Eino"]
[Result "1/2-1/2"]
[WhiteElo "1849"]
[BlackElo "1454"]
[PlyCount "57"]
[EventDate "2019.06.06"]
[EventType "swiss"]
[EventRounds "7"]
[EventCountry "FIN"]
[SourceTitle "EXT 2021"]
[Source "ChessBase"]
[SourceDate "2020.10.23"]
[SourceVersion "1"]
[SourceVersionDate "2020.10.23"]
[SourceQuality "1"]

1. c4 c5 2. Nc3 Nc6 3. g3 g6 4. Bg2 Bg7 5. e3 e5 6. Nge2 Nge7 7. 0-0 0-0 8. b3 d6 9. Bb2 Be6 10. Rc1 Qd7 11. d3 Bh3 12. Qd2 Bxg2 13. Kxg2 f5 14. f4 Rad8 15. e4 a6 16. Nd5 Nxd5 17. exd5 Nd4 18. Nxd4 cxd4 19. Rce1 Bh6 20. h4 Rde8 21. Qf2 Bg7 22. Ba3 Re7 23. fxe5 Rxe5 24. Rxe5 Bxe5 25. Bc1 Qg7 26. Bf4 Re8 27. Re1 Qf6 28. Bg5 Qg7 29. Bf4 1/2-1/2

[Event "FIN-ch U14"]
[Site "Turku"]
[Date "2019.06.06"]
[Round "2"]
[White "Jokinen, Sini"]
[Black "Sinitsyn, Anton"]
[Result "0-1"]
[WhiteElo "1226"]
[BlackElo "1849"]
[PlyCount "116"]
[EventDate "2019.06.06"]
[EventType "swiss"]
[EventRounds "7"]
[EventCountry "FIN"]
[SourceTitle "EXT 2021"]
[Source "ChessBase"]
[SourceDate "2020.10.23"]
[SourceVersion "1"]
[SourceVersionDate "2020.10.23"]
[SourceQuality "1"]

1. e4 e5 2. Nf3 Nc6 3. Bc4 Bc5 4. b4 Bxb4 5. c3 Ba5 6. d4 d6 7. Qb3 Qd7 8. dxe5 dxe5 9. Ba3 Bb6 10. Nbd2 Na5 11. Qc2 Nxc4 12. Nxc4 f6 13. 0-0 Qc6 14. Nxb6 axb6 15. Bb2 Ne7 16. Rfd1 0-0 17. h3 Be6 18. a3 Nc8 19. Nd2 Nd6 20. Re1 Ra4 21. f3 Rfa8 22. Qc1 Nb5 23. Nb1 Nd6 24. Nd2 b5 25. Kh1 Rd8 26. Rd1 Raa8 27. Qc2 Rd7 28. Nf1 Nc4 29. Rxd7 Qxd7 30. Rd1 Qe7 31. Ra1 Ra6 32. Nd2 Nxa3 33. Bxa3 Rxa3 34. Rxa3 Qxa3 35. Qd3 c6 36. Kh2 Qe7 37. Qc2 Kf7 38. Qb2 g5 39. Nf1 Qc5 40. Ng3 Qc4 41. Qd2 Qc5 42. Qb2 Qe7 43. Qd2 Qd7 44. Qc2 Kg6 45. Qe2 h5 46. Qc2 h4 47. Nf1 Qd6 48. Ne3 b4 49. cxb4 Qxb4 50. Qe2 b5 51. Qc2 Qd6 52. Nf5 Bxf5 53. exf5+ Kh6 54. Kg1 Qd7 55. Kh2 b4 56. g3 hxg3+ 57. Kxg3 Qd4 58. Qxc6 Qg1# 0-1

[Event "FIN-ch U14"]
[Site "Turku"]
[Date "2019.06.06"]
[Round "1"]
[White "Sinitsyn, Anton"]
[Black "Karhula, Adam"]
[Result "1-0"]
[WhiteElo "1849"]
[BlackElo "1226"]
[PlyCount "83"]
[EventDate "2019.06.06"]
[EventType "swiss"]
[EventRounds "7"]
[EventCountry "FIN"]
[SourceTitle "EXT 2021"]
[Source "ChessBase"]
[SourceDate "2020.10.23"]
[SourceVersion "1"]
[SourceVersionDate "2020.10.23"]
[SourceQuality "1"]

1. c4 Nf6 2. Nc3 g6 3. g3 Bg7 4. Bg2 0-0 5. d4 d6 6. e3 c6 7. Nge2 e5 8. 0-0 a5 9. b3 Na6 10. Bb2 Re8 11. Qd2 Bg4 12. h3 Bf5 13. Rad1 Qc7 14. e4 Bd7 15. d5 c5 16. Nc1 Rad8 17. Rde1 b6 18. Nd3 Qc8 19. Kh2 Nb4 20. a3 Na6 21. Ba1 Kh8 22. f4 Bh6 23. Qf2 Bg7 24. fxe5 dxe5 25. Nb5 Qb8 26. d6 Bxb5 27. Nxe5 Bxc4 28. bxc4 Rf8 29. Nc6 Qxd6 30. Nxd8 Qxd8 31. Bxf6 Qd3 32. Bxg7+ Kxg7 33. Qf6+ Kg8 34. Qxb6 Qxc4 35. Rc1 Qd3 36. Qxa5 Rb8 37. Rcd1 Qe2 38. Rd8+ Rxd8 39. Qxd8+ Kg7 40. Qf6+ Kg8 41. Qxf7+ Kh8 42. Qf8# 1-0

[Event "Nordic-ch U20"]
[Site "Borgarnes"]
[Date "2019.02.17"]
[Round "5"]
[White "Soderstrom, Adrian"]
[Black "Sinitsyn, Anton"]
[Result "1-0"]
[WhiteElo "2138"]
[BlackElo "1621"]
[PlyCount "73"]
[EventDate "2019.02.14"]
[EventType "swiss"]
[EventRounds "6"]
[EventCountry "ISL"]
[SourceTitle "CBM 189 Extra"]
[Source "ChessBase"]
[SourceDate "2019.06.03"]
[SourceVersion "1"]
[SourceVersionDate "2019.06.03"]
[SourceQuality "1"]

1. d4 d5 2. c4 c6 3. cxd5 cxd5 4. Nc3 Nf6 5. f3 Nc6 6. e4 dxe4 7. d5 Ne5 8. fxe4 e6 9. Nf3 Nxf3+ 10. Qxf3 exd5 11. exd5 Bg4 12. Bb5+ Bd7 13. Bxd7+ Qxd7 14. Bg5 Be7 15. 0-0 0-0 16. Rad1 h6 17. Bh4 Bc5+ 18. Kh1 Ng4 19. Rde1 Bd6 20. Bg3 Bxg3 21. Qxg3 Rae8 22. h3 Rxe1 23. Rxe1 Nf6 24. Rf1 Kh8 25. Qf3 b5 26. a3 a5 27. Qf5 Qxf5 28. Rxf5 b4 29. axb4 axb4 30. Nb5 Rd8 31. d6 Ne4 32. Rd5 f5 33. Kg1 g6 34. g4 Kg7 35. gxf5 gxf5 36. Nd4 f4 37. Ne6+ 1-0

[Event "Nordic-ch U11"]
[Site "Drammen"]
[Date "2017.02.17"]
[Round "1"]
[White "Sinitsyn, Anton"]
[Black "Trost, Edvin"]
[Result "0-1"]
[WhiteElo "1488"]
[BlackElo "1843"]
[PlyCount "120"]
[EventDate "2017.02.17"]
[EventType "swiss"]
[EventRounds "6"]
[EventCountry "NOR"]
[SourceTitle "CBM 177 Extra"]
[Source "ChessBase"]
[SourceDate "2017.04.27"]
[SourceVersion "1"]
[SourceVersionDate "2017.04.27"]
[SourceQuality "1"]

1. c4 e5 2. Nc3 Nc6 3. g3 g6 4. Bg2 Bg7 5. e3 Nge7 6. Nge2 d6 7. 0-0 0-0 8. b3 Be6 9. Bb2 Qd7 10. Re1 Rad8 11. Rb1 Nb4 12. d4 exd4 13. Nxd4 Bxd4 14. exd4 d5 15. a3 Nbc6 16. c5 Kg7 17. b4 h5 18. h4 Ng8 19. Qd2 Nf6 20. Ne2 Bf5 21. Rbc1 Ne4 22. Qd1 Rfe8 23. Nc3 Kh7 24. b5 Na5 25. Nxe4 Bxe4 26. Bxe4 dxe4 27. a4 Qd5 28. Re3 Nc4 29. Re2 Nxb2 30. Rxb2 Qxd4 31. Qxd4 Rxd4 32. Ra2 e3 33. Rcc2 exf2+ 34. Rxf2 Kg7 35. Rfd2 Rc4 36. Rdc2 Ree4 37. a5 Rxc2 38. Rxc2 Rb4 39. c6 Rxb5 40. cxb7 Rxb7 41. a6 Rb6 42. Rxc7 Rxa6 43. Kf2 Ra3 44. Ke2 Rxg3 45. Rxa7 Rg4 46. Kf3 Rxh4 47. Kg3 Rb4 48. Re7 h4+ 49. Kh3 g5 50. Rd7 Kg6 51. Rd6+ Kh5 52. Rd5 Rf4 53. Rd3 g4+ 54. Kg2 f5 55. Re3 g3 56. Re5 Kg4 57. Re3 h3+ 58. Kg1 h2+ 59. Kh1 Rf1+ 60. Kg2 h1Q# 0-1